| 000 | 01185cam a2200217 4500 | ||
|---|---|---|---|
| 001 | WB@3612-575 | ||
| 008 | 040923n2004 000 0 eng u | ||
| 035 | _a(Sirsi) u127495 | ||
| 245 | _aRegistrable leases | ||
| 260 | _c2004 | ||
| 490 |
_aHM Land Registry Press Release _v17 September 2004 (2) |
||
| 520 | _aEach year Land Registry receives over 200 000 applications to register new leases and with the implementation of registration of leases of more than seven years, the number of compulsory registrations of leases looks set to rise. The Registry is now looking to standardise lease information, in order to streamline the registration process and is conducting a consultation on two alternative methods of presenting the prescribed information at the front of registrable leases. The consultation ends on 10 December 2004. For more information go to: http://www.landreg.gov.uk/assets/library/documents /cons0904.pdf http://www.landreg.gov.uk/consultations/ | ||
| 590 | _aWB | ||
| 590 | _aWB | ||
| 650 | _aHM LAND REGISTRY | ||
| 650 | _aLEASES | ||
| 650 | _aREGISTRATION OF LEASES | ||
| 650 | _aCONSULTATION | ||
| 690 | _aLANDLORD AND TENANT-LEASES | ||
| 942 | _n0 | ||
| 999 |
_c118036 _d118036 |
||